000 00715cam a22002411 4500
001 sa 67004075
003 DLC
005 20260227112343.0
008 821022s1967 ii ab s000 0 eng
010 _asa 67004075
025 _aPL480:I-E8164
035 _a(OCoLC)8882643
040 _aDLC
_cNcD
_dNcD
_dDLC
042 _apremarc
050 0 0 _aHC437.M3
_bH5
110 2 _aHindustan Chamber of Commerce.
245 1 0 _aProgressive Madras State,
_ba saga of integrated development,
_cedited by G. R. Rao.
260 _aMadras
_c[1967]
300 _a272 p.
_billus., fold. map,
_c25 cm.
651 0 _aTamil Nadu (India)
_xEconomic conditions.
650 0 _aIndustries
_zIndia
_zTamil Nadu.
700 1 _aRao, G. R.
999 _c74248
_d74248